|
|
|
|
| LEADER |
02047nam a2200529 a 4500 |
| 001 |
nkc20051633539 |
| 003 |
CZ PrNK |
| 005 |
20060213155516.0 |
| 007 |
ta |
| 008 |
051201s2005 xr a f m 000 0 cze |
| 015 |
|
|
|a cnb001633539
|
| 020 |
|
|
|a 80-01-03373-2
|q (brož.)
|
| 035 |
|
|
|a (OCoLC)85165472
|
| 040 |
|
|
|a BOA001
|b cze
|d ABA001
|
| 041 |
0 |
|
|a cze
|b eng
|
| 072 |
|
7 |
|a 620.1/.2
|x Nauka o materiálu
|2 Konspekt
|9 19
|
| 080 |
|
|
|a 620.178.3
|2 MRF
|
| 080 |
|
|
|a 539.42
|2 MRF
|
| 080 |
|
|
|a 620.2-034
|2 MRF
|
| 080 |
|
|
|a (043.5:042.3)
|2 MRF
|
| 100 |
1 |
|
|a Hnilica, František,
|d 1946-
|7 ntka172570
|4 aut
|
| 245 |
1 |
0 |
|a Únavové porušování kovových materiálů =
|b Fatigue failure of metallic materials /
|c František Hnilica
|
| 246 |
3 |
1 |
|a Fatigue failure of metallic materials
|
| 260 |
|
|
|a V Praze :
|b České vysoké učení technické,
|c 2005
|
| 300 |
|
|
|a 20 s. :
|b il. ;
|c 21 cm
|
| 490 |
1 |
|
|a Habilitační přednášky ;
|v 32/2005
|
| 500 |
|
|
|a Nad názvem: České vysoké učení technické v Praze, Fakulta strojní
|
| 500 |
|
|
|a 170 výt.
|
| 504 |
|
|
|a Obsahuje bibliografii
|
| 546 |
|
|
|a Anglické resumé
|
| 650 |
0 |
7 |
|a únava materiálu
|7 ph128339
|2 czenas
|
| 650 |
0 |
7 |
|a lomová mechanika
|7 ph122445
|2 czenas
|
| 650 |
0 |
7 |
|a kovové materiály
|7 ph121911
|2 czenas
|
| 650 |
0 |
9 |
|a material fatigue
|2 eczenas
|
| 650 |
0 |
9 |
|a fracture mechanics
|2 eczenas
|
| 650 |
0 |
9 |
|a metal materials
|2 eczenas
|
| 655 |
|
7 |
|a habilitační přednášky
|7 fd187328
|2 czenas
|
| 655 |
|
9 |
|a habilitation lectures
|2 eczenas
|
| 710 |
2 |
|
|a České vysoké učení technické v Praze.
|b Strojní fakulta
|7 ko20010093670
|
| 810 |
2 |
|
|a České vysoké učení technické v Praze.
|t Habilitační přednášky
|0 s
|
| 910 |
2 |
|
|a BOA001
|b 2-1160.892
|
| 928 |
9 |
|
|a Vydavatelství ČVUT
|
| 990 |
|
|
|a BK
|
| 995 |
|
|
|a 01
|
| 991 |
|
|
|b 200512
|c NOV
|
| 996 |
6 |
|
|b 2610266619
|c 2-1160.892
|l MZK
|r Sklad / do 1 hodiny
|n 0
|p p.v.
|w 000799985
|u 000010
|a 1
|e BOA001
|j MZK50
|s P
|
| 996 |
7 |
|
|b 2610266620
|c 2-1160.892
|l MZK
|r Sklad / do 1 hodiny
|n 9
|p p.v.
|w 000799985
|u 000020
|a 1
|e BOA001
|j MZK50
|s A
|